01369 am a2200349 a 450000500170000000800410001702000150005804100080007324501040008125000110018526000570019630000110025350001620026465300290042665300520045565300520050765300350055965300260059465300280062065300170064865300130066565300370067865300240071565300580073965300460079765300650084370000230090870000200093170000240095170000220097570000220099720240527124825.0100913s1999||||xxua f |||| 001 0 spa d a1885960018 aspa 3aLo esencial de la Tecnología Anticonceptiva.bManual para personal clínico /cRobert A. Hatcher a1a ed. aBaltimore [USA]: bUniversidad Johns Hopkins;c1999. a300 p. aHatcher, R. A. et al. (1999). Lo esencial de la Tecnología Anticonceptiva. Manual para personal clínico. (1a ed.). Baltimore : Universidad Johns Hopkins. aPlanificación familiar aAnticonceptivos orales combinados de dosis baja aAnticonceptivos orales sólo de progéstageno aAnticonceptivo inyectable DMPA aImplantes de Norplant aEstelización femenina aVasectomía aCondones aDispositivos intrauterinos (DIU) aMétodos vaginales aMétodos basados en el conocimiento de la fertilidad aMétodo de la lactancia-amenorrea (MELA) aEnfermedades de transmisión sexual. Incluyendo el VIH/SIDA1 aHatcher, Robert A.1 aRinehart, Ward.1 aBlackburn, Richard.1 aGeller, Judith S.1 aShelton, James D.